Quiz : les pays et les éléphants - Statistiques

Statistiques générales
  • Ce quiz a été pris 25 fois
  • Le résultat moyen est 6 sur 9
Statistiques - réponses
Hint Réponse % Correct
Dans quel pays se trouve le parc national "Serengeti", abritant 7 535 éléphants ? Tanzanie
91%
Quel pays est célèbre pour son festival annuel des éléphants à Jaipur ? Inde
86%
Quel pays a un nom faisant référence aux défenses des éléphants ? Côte d'Ivoire
77%
Quel pays abrite le parc national d'Addo Elephant, connu pour sa grande population d'éléphants ? Afrique du Sud
73%
Dans quel pays (contemporain) voulait aller Hannibal avec ses 37 éléphants durant sa "traversée des Alpes" en l'an -218 ? Italie
73%
Dans quel pays se trouve la plus grande population d'éléphants d'Afrique ? Botswana
68%
Quel pays a un nom signifiant "Pays du million d'éléphants" ? Laos
68%
Dans quel pays démocratique un grand parti politique a-t-il l'éléphant comme emblème ? États Unis
64%
Quel pays abritait "Lin Wang", l'éléphant le plus vieux de l'histoire (86 ans) ? Taïwan
27%
Aucun quiz correspondant
Distribution des résultats
% des personnes avec chaque résultat
Percentile par nombre de réponses
Votre historique - résultats
Vous n’avez pas pris ce quiz